Kinh tế thế giới 2002 - 2003 : Đặc điểm và triển vọng : [Sách tham khảo]

Đã lưu trong:
書目詳細資料
格式: 圖書
語言:Vietnamese
出版: Chính trị quốc gia 2003
標簽: 添加標簽
沒有標簽, 成為第一個標記此記錄!
Thư viện lưu trữ: Mạng thư viện Đại học Đà Nẵng
LEADER 00661nam a2200241 4500
001 000020347
003 16792
005 20150604100612.0
008 150316s2003 viesd
020 |c 38500 
041 0 |a vie 
082 1 4 |a 337  |b KI-N 
245 1 0 |a Kinh tế thế giới 2002 - 2003 : Đặc điểm và triển vọng : [Sách tham khảo]  |c Kim Ngọc chủ biên. 
260 |b Chính trị quốc gia  |c 2003 
300 |a tr.  |c cm. 
OWN |a LSP 
999 |a From the UDN01 
TYP |a Monograph 
TYP |a Printed language 
980 |a Mạng thư viện Đại học Đà Nẵng